Artificial Intelligence : (Record no. 32289)

000 -LEADER
fixed length control field 01126cam a2200325 a 4500
001 - CONTROL NUMBER
control field 16707166
003 - CONTROL NUMBER IDENTIFIER
control field OSt
005 - DATE AND TIME OF LATEST TRANSACTION
control field 20250930113437.0
008 - FIXED-LENGTH DATA ELEMENTS--GENERAL INFORMATION
fixed length control field 110325s2010 njua b 001 0 eng
010 ## - LIBRARY OF CONGRESS CONTROL NUMBER
LC control number 2011288031
020 ## - INTERNATIONAL STANDARD BOOK NUMBER
International Standard Book Number 9788177583670
038 ## - RECORD CONTENT LICENSOR
Staff Name khadija
040 ## - CATALOGING SOURCE
Original cataloging agency DLC
Transcribing agency DLC
050 00 - LIBRARY OF CONGRESS CALL NUMBER
Classification number Q335
Item number .R86 2010
082 ## - DEWEY DECIMAL CLASSIFICATION NUMBER
Classification number 006.3
Author Mark RUS
100 1# - MAIN ENTRY--PERSONAL NAME
Personal name Russell, Stuart
Fuller form of name (Stuart Jonathan)
9 (RLIN) 82173
245 10 - TITLE STATEMENT
Title Artificial Intelligence :
Remainder of title A Modern Approach /
Statement of responsibility, etc. Stuart J. Russell and Peter Norvig ; contributing writers, Ernest Davis ... [et al.].
250 ## - EDITION STATEMENT
Edition statement 2nd ed.
260 ## - PUBLICATION, DISTRIBUTION, ETC.
Place of publication, distribution, etc. Upper Saddle River :
Name of publisher, distributor, etc. Prentice Hall,
Date of publication, distribution, etc. c2010.
300 ## - PHYSICAL DESCRIPTION
Extent xviii, 1132 p. :
Other physical details ill. ;
Dimensions 26 cm.
490 0# - SERIES STATEMENT
Series statement Prentice Hall series in artificial intelligence
504 ## - BIBLIOGRAPHY, ETC. NOTE
Bibliography, etc. note Includes bibliographical references (p. 1063-1093) and index.
563 ## - BINDING INFORMATION
Binding note paperback
650 #0 - SUBJECT ADDED ENTRY--TOPICAL TERM
Topical term or geographic name entry element Artificial intelligence.
9 (RLIN) 18060
700 1# - ADDED ENTRY--PERSONAL NAME
Personal name Norvig, Peter.
9 (RLIN) 55386
700 1# - ADDED ENTRY--PERSONAL NAME
Personal name Davis, Ernest.
9 (RLIN) 82174
906 ## - LOCAL DATA ELEMENT F, LDF (RLIN)
a 7
b cbc
c origcop
d 3
e ncip
f 20
g y-gencatlg
942 ## - ADDED ENTRY ELEMENTS (KOHA)
Source of classification or shelving scheme
Koha item type Book
Holdings
Withdrawn status Lost status Source of classification or shelving scheme Damaged status Not for loan Permanent Location Current Location Date acquired Total Checkouts Full call number Barcode Checked out Date last seen Date last checked out Price effective from Koha item type Shelving location Total Renewals Public note
          School of Mechanical & Manufacturing Engineering (SMME) School of Mechanical & Manufacturing Engineering (SMME) 08/04/2015 1 005.133 WEI SMME-1067 06/02/2022 02/02/2022 02/02/2022 08/04/2015 Book      
          School of Mechanical & Manufacturing Engineering (SMME) School of Mechanical & Manufacturing Engineering (SMME) 05/06/2016 4 006.3 RUS SMME-2678   01/06/2025 12/17/2024 05/06/2016 Book General Stacks 4 Rack,52-Shelf,3
© 2023 Central Library, National University of Sciences and Technology. All Rights Reserved.